| 000 | 00831nam a2200253Ia 4500 | ||
|---|---|---|---|
| 003 | OSt | ||
| 005 | 20220923225021.0 | ||
| 006 | a|||||r|||| 00| 0 | ||
| 007 | ta | ||
| 008 | tel | ||
| 024 | _a255,265 | ||
| 037 | _cTextual | ||
| 040 |
_aARTS _cARTS _btel |
||
| 041 |
_2tel _atel |
||
| 082 | _aO35,3:g, 152K7 | ||
| 100 | _aभीमसेन, संपा. | ||
| 245 | 0 | _aतेलगु का उपन्यास साहित्य | |
| 246 | _aTelagu kā upanyās sāhitya | ||
| 260 |
_aहैदराबाद _b आन्ध्र प्रदेश साहित्य अकादमी _c1967 |
||
| 300 |
_a282पृ0 _ccm. |
||
| 650 |
_aतेलुगु साहित्य _9156264 |
||
| 942 |
_hO35,3:g, 152K7 _cTEXL _2CC |
||
| 999 |
_c375433 _d375433 |
||